00611nam a22001817a 4500003000900000008004100009040007100050082002400121100002900145245010100174260002500275300002800300650001900328650001000347650002600357650001400383700003200397AR-CdUCM190409b ||||| |||| 00| 0 spa d aMUNICIPALIDAD PROVINCIAL DEL CUSCOcBIBLIOTECA MUNICIPAL DEL CUSCO aEP/498.518/H89bH89 aHuillca Camero, Virgilio aAntiq Intiq yachaynin Nº1 Quechua :bqueswa simita yachasunchis aprendamos el idioma Quechua /  aCusco ;bR&W,c2018. a84 Páginas. :c29 cm. aLengua quechua aCusco aEstudio y enseñanza aGramatica aChalco Pacco, Ruth Masrisol